000 00930nam a22001817a 4500
999 _c59582
_d59582
003 Ge_BSU
005 20230320122638.0
008 230320s1978 ge ||||| |||| 00| 0 geo d
041 _ageo
080 _a517.5(075.8) ნ–33
100 _aნაფეტვარიძე, ო.
_917226
245 _aსავარჯიშოები კომპლექსური ცვლადის ფუნქციათა თეორიაში :
_b[დამხმარე სახელმძღვ. სტუდენტებისათვის].
_cო. ნაფეტვარიძე.
264 _aთბილისი :
_bთბილ. უნ-ტის გამ-ბა,
_c1978.
300 _a215გვ. ;
_b20სმ.
504 _aბიბლიოგრ.: გვ. 213-214.
653 _aკომპლექსური ცვლადის ფუნქციათა თეორია
942 _2udc
_cBK